000 00290nam a22001337a 4500
008 170529b xxu||||| |||| 00| 0 eng d
020 _a0138812365
041 _aeng
080 _a62
100 _a27
101 _aIM
245 _aSYTEM IDENTIFICATION
_cSODERSTROM.T
942 _2udc
_cBK
999 _c14780
_d14780